000 00574nam a22002177a 4500
001 00028793
005 20260416135844.0
008 260416b ag ||||| |||| 00| 0 spa d
020 _a9788496940574
040 _aAR-CcCEOS
_bspa
_cAR-CcCEOS
041 _aspa
080 _a820-3(73)
090 _bPAT
100 1 _aPatterson, Richard North
_91062
245 _aExilio /
_cRichard North Patterson
250 _a1ยช ed.
264 _aBarcelona :
_bRoca,
_cc2007.
300 _a671 p. ;
_c24x15 cm.
655 0 _aliteratura inglesa
_vnovela
_9904
942 _2udc
_cBK
_n0
999 _c28829
_d28829